| 000 | 01523nam0a2200313 4500 | ||
|---|---|---|---|
| 001 | RU\NLR\bibl\972321 | ||
| 005 | 20250614211921.0 | ||
| 010 |
_a5-902282-08-X _9300 |
||
| 021 |
_aRU _b2006-39312 _91975 |
||
| 035 | _a(NLR Aleph) 000960272 | ||
| 090 |
_a335044 _c335044 |
||
| 100 | _a20060803d2006 |||y0rusy50 ca | ||
| 101 | 0 | _arus | |
| 102 | _aRU | ||
| 105 | _aa ||||||||| | ||
| 200 | 1 |
_aНаучные основы современных технологических комплексов возделывания яровой мягкой пшеницы в Среднем Заволжье _fС.Н. Шевченко, В.А. Корчагин _gРос. акад. с.-х.н., ГНУ Сам. НИИ сел. хоз-ва им. Н.М. Тулайкова |
|
| 210 |
_aМосква _cЖурнал "Достижение науки и техники АПК" _d2006 |
||
| 215 |
_a283 с. _cил. _d22 |
||
| 320 | _aБиблиогр.: с. 248-281 (372 назв.) | ||
| 606 | 1 |
_aМягкая пшеница яровая _xАгротехника _yЗаволжье Среднее _92436711 _3RU\NLR\auth\661449939 |
|
| 686 | _aП212.13-4(2Р354,4) | ||
| 700 | 1 |
_4070 _7ca _8rus _aШевченко _bС. Н. _cд-р с.-х. наук _f1960- _gСергей Николаевич _9218543 _3RU\NLR\AUTH\770218599 |
|
| 701 | 1 |
_aКорчагин _bВ. А. _gВалентин Александрович _4070 |
|
| 801 | 0 |
_aRU _bNLR _c20060803 _grcr |
|
| 801 | 1 |
_aRU _bNLR _c20060803 |
|
| 942 | _cBOOK | ||
| 980 | _aNB | ||